000 00909nam a2200253 a 4500
001 48548
003 BD-RjUL
005 20211209054537.0
008 160814s1975 bg ||||| |||| 001 0 ben d
020 _c: Tk. 18.00
035 _a(BD-RjUL)48667
040 _aBD-RjUL
_bben
_cBD-RjUL
041 _aben
082 _223
_a891.4409
_bAHS 1975
100 1 _aআহমদ, শাহাবুদ্দীন
_9146717
245 1 0 _aসাহিত্য-চিন্তা /
250 _a১ম সং.
260 _aবাংলাদেশ :
_bমুক্তধারা,
_c১৯৭৫
300 _a২৪৩ পৃ. ;
_c২২ সেমি.
500 _aনির্ঘন্ট সংযুক্ত
650 _aবাংলা সাহিত্য
_vইতিহাস ও সমালোচনা
_9117445
650 _aBengali Literature
_vHistory and Criticism
_9146718
942 _2ddc
_cBK
999 _c48548
_d48548